000 00917nam a2200253Ia 4500
003 OSt
005 20220923224815.0
006 a|||||r|||| 00| 0
007 ta
008 220922b |||||||| |||| 00| 0 hin d
024 _a250,991
037 _cTextual
040 _aARTS
_cARTS
_bhin
041 _2hin
_ahin
082 _aO152,1M86:g, G7
100 _aशुक्ल 'गिरीश', गिरीजादत्त
_9168146
245 0 _aगुप्तजी की काव्य - धारा
246 _aGuptajī kī kāvya - dhārā
260 _aप्रयाग
_b छात्रहितकारी पुस्तकमाला
_c1937
300 _a290पृ.
_ccm.
650 _aहिन्दी साहित्य
_9156264
942 _hO152,1M86:g, G7
_cTEXL
_2CC
999 _c373784
_d373784